[Event "25th Magistral Barcelona 2020"]
[Site "Barcelona"]
[Date "2020.12.05"]
[Round "4.2"]
[White "Grigoryan, Karen H."]
[Black "Narciso Dublan, Marc"]
[Result "1-0"]
[WhiteElo "2659"]
[BlackElo "2492"]
[Annotator "TA"]
[PlyCount "69"]
[EventDate "2020.12.02"]
[EventType "tourn"]
[EventCountry "ESP"]
[SourceTitle "playchess.com"]
[Source "ChessBase"]
[SourceQuality "1"]

{[%evp 10,69,18,16,16,11,16,0,20,0,0,-14,18,14,34,14,15,0,0,0,0,0,4,0,43,22,40,36,74,68,82,69,56,0,0,0,0,10,155,145,126,110,302,292,309,301,695,694,683,676,629,537,533,471,5251,5252,5243,5243,29979,29980,29982,29983]} 1. d4 d5 2. c4 c6 3. Nc3 Nf6 4. e3 a6 5. Nf3 Bg4 6. Qb3 b5 {has lost popularity (6...Ra7). D15: Slav Defence: 4 Nc3 a6 and gambit lines after 4 Nc3 dxc4.} 7. cxd5 Bxf3 8. gxf3 {Black must now prevent a4.} cxd5 {[#] The position is equal.} 9. e4 $146 {e5 is the strong threat.} ({Predecessor:} 9. a4 bxa4 10. Qb7 Nbd7 11. Nxd5 Nxd5 12. Qxd5 e6 13. Qc4 Bd6 14. Qxa4 O-O 15. Bg2 {½-½ (63) Rupprecht,A (2379)-Berchtenbreiter,M (2401) Bayern 2012}) 9... e6 10. Be3 Be7 11. e5 Nfd7 12. f4 g6 13. Nxd5 exd5 14. Qxd5 Qa5+ 15. Ke2 $1 Ra7 16. Qb3 O-O 17. Bg2 Rc7 18. Rhc1 Rxc1 19. Rxc1 Nb6 20. Bd2 {[%mdl 1024] White has strong compensation.} b4 21. d5 (21. Rc7 $5 {[%cal Rc7e7]}) 21... Re8 22. Be3 $36 {[%mdl 2048] White has the initiative.} N8d7 23. d6 Bxd6 (23... Bd8 $1 $11) 24. exd6 $16 Nc5 {[#]} 25. Qc2 $1 {[%cal Rc2c5]} Qb5+ $2 {A mistake that costs the game.} (25... Ne6 $16 26. Kf1 Rc8) 26. Kd2 $18 Nbd7 27. Qc4 Qa5 $2 (27... Ne6 28. Qxb5 axb5) 28. Bxc5 b3+ 29. Qb4 Qd8 30. axb3 Nxc5 31. Qxc5 {[#] Strongly threatening Re1.} Qh4 (31... Re6 $142 32. Re1 Rxd6+ 33. Kc2 Rd2+ 34. Kc1 Rd7) 32. Qd4 Qg4 33. Re1 Rxe1 34. Kxe1 Qxg2 35. d7 {Weighted Error Value: White=0.09/Black=0.50} 1-0

[Event "25th Magistral Barcelona 2020"]
[Site "Barcelona"]
[Date "2020.12.05"]
[Round "4.3"]
[White "Lopez Martinez, Josep Manuel"]
[Black "Milliet, Sophie"]
[Result "1-0"]
[WhiteElo "2542"]
[BlackElo "2401"]
[Annotator "TA"]
[PlyCount "108"]
[EventDate "2020.12.02"]
[EventType "tourn"]
[EventCountry "ESP"]
[SourceTitle "playchess.com"]
[Source "ChessBase"]
[SourceQuality "1"]

{[%evp 9,108,25,41,27,26,13,25,21,16,16,24,22,37,31,35,34,13,25,9,13,43,-90,18,6,279,273,260,260,365,269,299,269,281,258,264,74,50,50,45,26,20,22,29,29,30,20,14,25,25,0,0,-32,-12,-15,-12,-46,-33,-48,0,0,9,16,18,18,56,34,41,0,0,0,76,87,90,7,37,0,0,0,0,0,17,0,111,113,274,239,379,377,812,102,681,22,22,22,106,0,957,839,29988,920,831]} 1. e4 c5 2. Nf3 e6 3. d4 cxd4 4. Nxd4 Nc6 5. Nc3 Qc7 6. Qd3 {B47: Sicilian: Taimanov: 5 Nc3 Qc7 6 f4, 6 g3 and 6 Be2.} Nf6 7. Ndb5 Qb8 $1 8. Qg3 {White has an edge.} d6 $1 {Threatening ...a6.} 9. Be3 {Strongly threatening 0-0-0.} a6 10. Nd4 Be7 {10...h5 gains popularity.} 11. O-O-O O-O 12. f4 Bd7 {[#]} 13. Nf3 $146 ({Predecessor:} 13. e5 dxe5 14. Nxc6 Bxc6 15. fxe5 Nh5 16. Qh3 Qxe5 17. Bd3 g6 18. Kb1 Bxg2 19. Qxg2 Qxe3 20. Qxb7 {0-1 (38) Friedland,M (2267)-Soffer,R (2490) Jerusalem 2019}) 13... Rc8 14. Kb1 Nb4 15. Bd3 (15. e5 $14 dxe5 16. fxe5) 15... b5 (15... Nxd3 $17 16. cxd3 b5) 16. e5 $11 Nfd5 $2 {[%mdl 8192]} (16... Ne8 $1 $11 {and Black is okay.}) 17. Nxd5 $18 Nxd5 18. Bd4 $1 b4 (18... f6 $142 19. exf6 Bxf6) 19. exd6 {[%csl Gd4][%cal Rg3g7]} Bf6 20. Bxf6 Nxf6 21. Ne5 Bb5 22. Ng4 $2 (22. Rhe1 $18 {and White stays clearly on top.}) 22... Nxg4 $16 23. Qxg4 Rd8 $1 24. Qh3 g6 25. Bxb5 axb5 26. Qb3 $1 Rxd6 {White should prevent ...Rda6.} 27. Qxb4 Rda6 $1 {[%cal Ra6a2]} 28. a3 Ra4 29. Qd6 Qb7 30. Qd7 Qxg2 {next ...b4 is good for Black.} 31. Qxb5 Rxf4 32. h4 (32. Rdg1 $5 {[%cal Rg1g2]} Qe4 33. Re1 $11) 32... Rc8 {aiming for ...Rxh4!} 33. c3 Rf2 34. h5 Qe4+ 35. Ka1 Qc2 36. Qb7 Re8 37. hxg6 hxg6 38. Qb6 {Black must now prevent Rd8.} Kg7 39. Qb5 e5 (39... Qe2 $11 40. Qb4 Rc8) 40. Rb1 Re6 41. Qb8 $40 {[%mdl 128] White is up to no good.} ({White should play} 41. c4 $1 $16) 41... Rh2 $11 42. Rhd1 (42. c4 $5) 42... Rh8 43. Qc7 Rhe8 44. Rf1 R8e7 (44... R6e7 $5 {[%cal Re7c7]} 45. Qb6 f5 $11) 45. Qc5 Rb7 (45... g5 $11) 46. Qe3 {And now Rf2 would win.} Rd7 $2 (46... f5 $16) 47. Rh1 $18 {Threatens to win with Qh6+.} Qd2 (47... Qa4 $142 48. c4 Rd4 49. Qh6+ Kf6 50. Rbf1+ Ke7 51. Qg5+ f6 52. Qxg6 Kd6 53. Rxf6 Qxc4) 48. Qh3 {[%csl Gh1][%cal Rh3h8]} Kf8 $2 (48... Re8 49. Qh7+ Kf6 50. Rbf1+ Ke6 51. Qh3+ f5) 49. Qh8+ Ke7 50. Qg7 $2 (50. Rbf1 $18 {White wants to mate with Rxf7+!} g5 51. Rh7 $1 {[%mdl 512]}) 50... Rf6 $11 51. Rbe1 Rd5 {[#]} (51... Ke6 $11 {keeps the balance.}) 52. Rhf1 (52. Qh8 $1 $16) 52... Rxf1 $4 {[%mdl 8192]} (52... Rf5 $11 53. Rg1 Rb5) 53. Rxf1 $18 Kd6 54. Qxf7 (54. Rxf7 $142 Kc5 55. Rc7+ Kb6 56. Rb7+ Ka6 57. Qc7 Qe1+ 58. Ka2 Qb1+ {[%mdl 64] Decoy} 59. Kxb1 Rd1+ {[#]} 60. Kc2 $1 {[%mdl 512]} Rd2+ 61. Kxd2 g5 62. Qb6#) 54... Kc6 {Weighted Error Value: White=0.40/Black=0.53} 1-0

[Event "25th Magistral Barcelona 2020"]
[Site "Barcelona"]
[Date "2020.12.05"]
[Round "4.4"]
[White "Batsiashvili, Nino"]
[Black "Ayats Llobera, Gerard"]
[Result "1-0"]
[WhiteElo "2460"]
[BlackElo "2400"]
[Annotator "TA"]
[PlyCount "75"]
[EventDate "2020.12.02"]
[EventType "tourn"]
[EventCountry "ESP"]
[SourceTitle "playchess.com"]
[Source "ChessBase"]
[SourceQuality "1"]

{[%evp 13,75,30,37,33,38,37,54,38,30,47,51,44,62,37,46,14,64,56,112,104,110,96,209,179,110,45,35,41,52,0,514,513,479,365,340,307,434,431,443,418,1997,1990,1845,1193,29974,983,927,456,437,429,386,368,372,358,364,340,359,362,352,358,316,298,288,266]} 1. d4 Nf6 2. c4 g6 3. Nc3 Bg7 4. e4 d6 5. h3 O-O 6. Be3 e5 7. d5 Na6 8. g4 {E71: King's Indian: 4 e4 d6 5 h3.} Nc5 9. f3 a5 10. Nge2 {White is slightly better.} c6 11. Ng3 cxd5 12. cxd5 a4 13. h4 Qa5 14. Qd2 Bd7 (14... Bxg4 $5 15. fxg4 Nxg4 $16) 15. h5 Rfc8 (15... b5 $14) 16. hxg6 $1 $16 {[#]} hxg6 $146 ({Predecessor:} 16... fxg6 17. g5 Ne8 18. Rb1 Nc7 19. Bh3 Bxh3 20. Rxh3 Nb5 21. Nge2 Qb4 22. a3 Qc4 {0-1 (54) Almeida Quintana,O (2550)-Garcia Pantoja,R (2514) Santa Clara 2019}) 17. Bh6 $1 {[%cal Rh6g7] aiming for Bxg7.} Bh8 (17... Bf8 $16 {was worth a try.}) 18. Qh2 $18 a3 {[#]} (18... Qb6 $18 19. Rb1 (19. Bg5 Bg7 $18) 19... Bxg4 20. fxg4 Nxg4) 19. Bd2 ({Not} 19. Bg5 Bg7 $17) (19. b4 $1 $16 {[%cal Rb4a5][%mdl 512]} Qxb4 20. Rb1 (20. Bd2 Bg7 $11)) 19... Bg7 $14 20. b3 $1 Na6 ({Much worse is} 20... Nxb3 21. axb3 Rxc3 22. Ne2 $16) 21. g5 $40 {[%mdl 128] White is up to no good.} (21. Bc4 $14) 21... Rxc3 $2 {[%mdl 8192] White now steadily converts the win.} (21... Ne8 $1 $11 {and Black is okay.}) 22. gxf6 $18 Bxf6 23. Ne2 {[%mdl 64] Pin} Rac8 24. Rd1 ({And not} 24. Bxc3 Rxc3 25. Qh7+ Kf8 $11) 24... b5 (24... Kf8 $142 25. Nxc3 Rxc3 26. Qh6+ Ke7 27. Bxa6 bxa6 28. Bxc3 Qxc3+ 29. Kf2 g5) 25. Nxc3 Rxc3 26. Be2 Qc7 {[#]} (26... Nc7 $142 27. Qh7+ Kf8 28. Qh6+ Ke7) 27. Bg5 $1 {[%mdl 512]} Bg7 (27... Bxg5 28. Qh8#) 28. Qh4 {Threatening mate with Bf6.} f5 29. Bf6 (29. Qh7+ $142 Kf8 30. Bh6 Be8 31. Qh8+ Ke7 32. Bxg7 Kd8 33. Bf6+ Kc8 34. Qxe8+ {[%mdl 64] Double Attack} Kb7 35. Bd8) 29... Be8 30. Qh7+ (30. exf5 $142 Re3 31. Kf1) 30... Kf8 31. Bxg7+ Qxg7 32. Qh8+ Qxh8 33. Rxh8+ Kf7 {[#]} 34. Rxe8 $1 {[%mdl 576] Remove Defender, Decoy} Kxe8 35. Bxb5+ {[%mdl 64] Double Attack} Kd8 {...Nb4 is the strong threat.} 36. Bxa6 Rxf3 37. exf5 gxf5 38. b4 {Weighted Error Value: White=0.34/Black=0.75} 1-0

[Event "25th Magistral Barcelona 2020"]
[Site "Barcelona"]
[Date "2020.12.05"]
[Round "4.5"]
[White "Peralta, Fernando"]
[Black "Alonso Rosell, Alvar"]
[Result "0-1"]
[WhiteElo "2586"]
[BlackElo "2552"]
[Annotator "TA"]
[PlyCount "74"]
[EventDate "2020.12.02"]
[EventType "tourn"]
[EventCountry "ESP"]
[SourceTitle "playchess.com"]
[Source "ChessBase"]
[SourceQuality "1"]

{[%evp 17,74,31,52,32,52,29,39,32,44,22,25,24,26,24,22,26,33,-41,-56,-110,-108,-101,-81,-131,-143,-137,-133,-135,-126,-154,-144,-145,-153,-227,-212,-213,-158,-365,-356,-343,-350,-299,0,0,0,-361,-357,-468,-467,-552,-552,-583,-461,-777,-775,-1266,-1251,-1119,-1167]} 1. d4 f5 2. g3 Nf6 3. Bg2 g6 4. Nf3 Bg7 5. O-O O-O 6. c4 d6 7. Nc3 c6 8. b3 a5 9. Bb2 Na6 10. Qd2 {A88: Dutch Defence: Leningrad System: 5 Nf3 0-0 6 0-0 d6 7 Nc3 c6.} Nc7 $5 {[%mdl 4] [#] Exploring less charted territory.} 11. d5 $146 ({Predecessor:} 11. a4 Ne6 12. e3 Qb6 13. Qc2 Nd8 14. Ba3 Nf7 15. h4 h6 16. c5 Qc7 17. cxd6 exd6 {1-0 (51) Lieb,H (2265)-Ditt,E (2310) Germany 1990}) 11... Bd7 12. Rad1 {White is slightly better.} a4 13. Nxa4 cxd5 14. Bxf6 Bxf6 15. Nb6 dxc4 {...c3 is the strong threat.} 16. Nxa8 c3 17. Qh6 (17. Qe3 $14 Qxa8 18. Nd4) 17... Ne6 $1 $36 {[%mdl 2048] Black has good play.} 18. Ne1 {[#]} (18. a4 $15) 18... Bg5 $1 $17 {[%cal Rg5h6]} (18... Qxa8 19. Bd5 $15) 19. Qh3 Qxa8 20. Bd5 {[#]} Kg7 $1 {[%mdl 1024] Black has strong compensation.} (20... Qxa2 $6 21. Nf3 $11) 21. a4 Nc5 22. Nc2 e6 23. Bc4 d5 24. g4 dxc4 25. b4 (25. Qxc3+ $17 Bf6 26. Qxc4) 25... Bd2 (25... Qxa4 26. bxc5 Bd2 27. Nd4) 26. bxc5 Qxa4 27. Nd4 $2 (27. Rxd2 $17 {was called for.} cxd2 28. Qc3+ Kg8 29. Ra1) 27... e5 $19 28. Ra1 Qb4 (28... exd4 29. Rxa4 Bxa4 30. Qh4 $19) ({Not} 28... fxg4 29. Qh4 $16) 29. gxf5 exd4 $2 {[#]} ({Black should play} 29... Qxc5 $19 30. f6+ {[%mdl 64] Discovered Attack} Kxf6 31. Qxd7 Qxd4 32. Qxh7 (32. Qxb7 Qg4+ 33. Kh1 Rf7 $17) 32... Qg4+ 33. Kh1 Qxe2 34. Qxb7 Rf7 35. Qc6+ Kg7) 30. f6+ $1 $11 {[%mdl 576] Discovered Attack} Kxf6 (30... Rxf6 31. Qxd7+) 31. Qxd7 $4 {[%mdl 8192]} (31. Qh4+ $1 $11 Ke6 32. Qxd4) 31... Qxc5 $19 32. Qxb7 {And now Ra6+ would win.} Rf7 {Black is clearly winning.} 33. Qe4 Kg7 34. Ra4 Re7 35. Qg4 (35. Rxc4 $142 Rxe4 36. Rxc5 Rxe2 37. Rd5) 35... c2 36. Raa1 Qg5 37. Qxg5 Bxg5 {Weighted Error Value: White=0.84/Black=0.26} 0-1

[Event "25th Magistral Barcelona 2020"]
[Site "Barcelona"]
[Date "2020.12.06"]
[Round "5.1"]
[White "Alonso Rosell, Alvar"]
[Black "Munoz, Miguel"]
[Result "1/2-1/2"]
[WhiteElo "2552"]
[BlackElo "2442"]
[Annotator "RC"]
[PlyCount "60"]
[EventDate "2020.12.02"]
[EventType "tourn"]
[EventCountry "ESP"]
[SourceTitle "playchess.com"]
[Source "ChessBase"]
[SourceQuality "1"]
[TimeControl "5400+30"]

1. Nf3 Nf6 2. g3 g6 3. b3 Bg7 4. Bb2 O-O 5. Bg2 c5 6. c4 Nc6 7. O-O d6 8. d4 cxd4 9. Nxd4 Bd7 10. e3 Nxd4 11. exd4 d5 12. c5 Ne4 13. Nc3 Bc6 14. Re1 Nxc3 15. Bxc3 a5 16. a3 e6 17. b4 axb4 18. axb4 Qd7 19. Ra5 Rxa5 20. bxa5 Ra8 21. Qd2 h5 22. h4 Qc7 23. Bf1 Re8 24. Qb2 Qd7 25. Bg2 Bf6 26. Qd2 Qc7 27. Qb2 Qd7 28. Qd2 Qc7 29. Qb2 Qd7 30. Qd2 Qc7 1/2-1/2

[Event "25th Magistral Barcelona 2020"]
[Site "Barcelona"]
[Date "2020.12.06"]
[Round "5.2"]
[White "Ayats Llobera, Gerard"]
[Black "Peralta, Fernando"]
[Result "1/2-1/2"]
[WhiteElo "2400"]
[BlackElo "2586"]
[Annotator "TA"]
[PlyCount "81"]
[EventDate "2020.12.02"]
[EventType "tourn"]
[EventCountry "ESP"]
[SourceTitle "playchess.com"]
[Source "ChessBase"]
[SourceQuality "1"]

{[%evp 16,81,32,24,38,33,29,33,40,-20,-14,-14,-8,-33,-25,-46,-52,-42,-42,-32,-24,-26,-30,-39,-49,-34,-47,-46,-14,-14,-25,-18,-16,-42,-43,-43,-36,-38,-56,-40,-36,-45,-53,-95,-80,-100,0,-246,-99,-92,-8,-10,-8,-8,-6,-8,0,0,0,0,0,0,0,0,0,0,0,0]} 1. b3 d5 2. Bb2 Nf6 3. g3 Bf5 4. Bg2 e6 5. Nf3 h6 6. O-O Be7 7. d3 O-O 8. Nbd2 c5 9. Ne5 Nbd7 {A07: Réti Opening: New York and Capablanca Systems.} 10. e4 Bh7 11. Nxd7 Qxd7 {White is slightly better.} 12. e5 (12. Qe2 $14) 12... Ne8 $11 13. f4 Nc7 14. a4 {[#]} Na6 $146 ({Predecessor:} 14... Rab8 15. Qe2 b6 16. Rf2 a6 17. Bh3 b5 18. axb5 axb5 19. g4 Ra8 20. Rff1 Rxa1 21. Rxa1 {½-½ (26) Wagenknecht,U (2102)-Boehle,L (2267) Germany 2005}) 15. g4 Nb4 16. Bh3 f5 17. exf6 $1 Bxf6 18. Bxf6 Rxf6 19. g5 $1 {[%cal Rg5f6]} hxg5 20. fxg5 Rxf1+ 21. Nxf1 Rf8 22. Ng3 Qe7 23. Qg4 Nxc2 24. Rc1 Bxd3 {Hoping for ...Nd4.} 25. Qxe6+ Qxe6 26. Bxe6+ Kh7 {White must now prevent ...d4.} 27. Bxd5 b6 $1 28. h4 Rf4 29. Rd1 Nb4 30. h5 g6 (30... Nxd5 $6 31. Rxd3 Ne7 32. Rd7 $11) ({Black should try} 30... Rg4 $17 31. Kf2 Bc2) 31. Kg2 $2 {[#]} (31. Be4 $1 $11 {and White has nothing to worry.} Bxe4 32. Rd7+ Kh8 33. Rd8+ Kg7 34. h6+ Kh7 35. Rd7+ {[%mdl 64] Double Attack} Kh8 36. Rd8+ Kh7 37. Rd7+ {[%mdl 64] Double Attack} Kh8 38. Rd8+ Kh7) 31... gxh5 ({Inferior is} 31... Nxd5 32. Rxd3 Rf5 33. Nxf5 $11 (33. hxg6+ Kxg6 34. Nxf5 Nf4+ {[%mdl 64] Double Attack} 35. Kf3 Nxd3 $11)) (31... Bc2 $1 $19 {[%cal Rc2d1] is more deadly.} 32. Rd2 Nxd5 33. Rxd5 gxh5) 32. Nxh5 $17 {[#]} Rg4+ ({Of course not} 32... Nxd5 $6 33. Nxf4 Nxf4+ 34. Kg3 $11) (32... Rd4 $1 $17 33. Bf3 Kg6) 33. Kf3 $11 {The position is equal.} Rxg5 34. Nf4 $132 {[%mdl 2048] White puts up resistance} Nxd5 35. Rxd3 Nxf4 36. Kxf4 {KR-KR} Rh5 37. a5 bxa5 38. Rd7+ Kg6 39. Rxa7 Rh3 40. Rxa5 Rxb3 41. Rxc5 {Accuracy: White = 82%, Black = 76%.} 1/2-1/2

[Event "25th Magistral Barcelona 2020"]
[Site "Barcelona"]
[Date "2020.12.06"]
[Round "5.3"]
[White "Milliet, Sophie"]
[Black "Batsiashvili, Nino"]
[Result "0-1"]
[WhiteElo "2401"]
[BlackElo "2460"]
[Annotator "RC"]
[PlyCount "65"]
[EventDate "2020.12.02"]
[EventType "tourn"]
[EventCountry "ESP"]
[SourceTitle "playchess.com"]
[Source "ChessBase"]
[SourceQuality "1"]
[TimeControl "5400+30"]

1. e4 {[%emt 0:00:00]} c6 {[%emt 0:00:00]} 2. d4 {[%emt 0:00:00]} d5 {[%emt 0:00:00]} 3. Nc3 {[%emt 0:00:00]} dxe4 {[%emt 0:00:00]} 4. Nxe4 {[%emt 0:00:00]} Nf6 {[%emt 0:00:00]} 5. Nxf6+ exf6 {[%emt 0:00:00]} 6. c3 {[%emt 0:00:15]} Bd6 {[%emt 0:00:00]} 7. Bd3 {[%emt 0:00:07]} O-O {[%emt 0:00:07]} 8. Qc2 {[%emt 0:00:11]} Re8+ {[%emt 0:00:05]} 9. Ne2 {[%emt 0:00:10]} h5 {[%emt 0:00:07]} 10. O-O {[%emt 0:01:16]} h4 {[%emt 0:00:05]} 11. h3 {[%emt 0:00:06]} Nd7 {[%emt 0:01:00]} 12. Be3 {[%emt 0:00:47]} Nf8 {[%emt 0:01:03]} 13. Rad1 {[%emt 0:00:22]} Bd7 {[%emt 0:02:21]} 14. Rfe1 {[%emt 0:02:28]} Rc8 {[%emt 0:00:22]} 15. c4 {[%emt 0:04:53]} Bb8 {[%emt 0:06:44]} 16. Kf1 {[%emt 0:02:47]} Qc7 {[%emt 0:16:04]} 17. Ng1 {[%emt 0:14:03]} Qh2 {[%emt 0:09:22]} 18. Be4 {[%emt 0:12:58]} Qh1 {[%emt 0:09:23]} 19. f4 {[%emt 0:09:17]} Re7 {[%emt 0:01:41]} 20. Bf3 {[%emt 0:38:40]} Qh2 {[%emt 0:08:38]} 21. Bf2 {[%emt 0:00:06]} Rxe1+ {[%emt 0:00:17]} 22. Rxe1 Qxf4 23. Qb3 {[%emt 0:02:43]} b6 {[%emt 0:07:43]} 24. Ne2 {[%emt 0:00:52]} Qh2 {[%emt 0:01:52]} 25. Bxh4 {[%emt 0:01:35]} Bxh3 {[%emt 0:00:24]} 26. Bf2 {[%emt 0:02:00]} Bf5 {[%emt 0:01:23]} 27. d5 {[%emt 0:00:41]} cxd5 {[%emt 0:00:15]} 28. cxd5 {[%emt 0:00:01]} Nd7 {[%emt 0:03:01]} 29. Bg1 {[%emt 0:03:07]} Qh1 {[%emt 0:01:49]} 30. d6 {[%emt 0:04:01]} Bxd6 {[%emt 0:06:03]} 31. Qd5 {[%emt 0:00:35]} Be5 {[%emt 0:00:38]} 32. Rc1 {[%emt 0:01:28]} Re8 {[%emt 0:03:46]} 33. Ng3 0-1

[Event "25th Magistral Barcelona 2020"]
[Site "Barcelona"]
[Date "2020.12.06"]
[Round "5.4"]
[White "Narciso Dublan, Marc"]
[Black "Lopez Martinez, Josep Manuel"]
[Result "1-0"]
[WhiteElo "2492"]
[BlackElo "2542"]
[Annotator "TA"]
[PlyCount "49"]
[EventDate "2020.12.02"]
[EventType "tourn"]
[EventCountry "ESP"]
[SourceTitle "playchess.com"]
[Source "ChessBase"]
[SourceQuality "1"]

{[%evp 15,49,33,29,29,29,27,31,18,39,24,30,27,30,25,66,57,98,71,114,96,150,143,164,240,327,313,321,302,300,297,598,584,725,656,936,922]} 1. d4 Nf6 2. c4 e6 3. Nc3 Bb4 4. g3 O-O 5. Bg2 Bxc3+ 6. bxc3 d6 7. Nf3 Nbd7 8. O-O Re8 9. Nd2 {E20: Nimzo-Indian: 4 g3 and 4 f3.} e5 10. e4 c5 {[#]} 11. Re1 $146 {White is slightly better.} ({Predecessor:} 11. d5 Qa5 12. Qc2 Nb6 13. f4 Qa4 14. Qd3 exf4 15. gxf4 Bg4 16. Re1 Re7 17. Rb1 {0-1 (41) Michailov,M (2158)-Muniz,R (2279) Montevideo 2013}) 11... Qa5 12. a4 Qxc3 {[%mdl 64] [#] Double Attack} 13. Ra3 Qa5 ({Don't blunder} 13... Qxd4 $2 14. Ree3 $18) 14. d5 Nb8 {[%cal Bd7b8,Bb8a6,Ba6b4][%mdl 32]} 15. f4 {[%mdl 1024] White has compensation.} Na6 {[#]} 16. f5 $1 Qd8 17. g4 h6 ({Black should play} 17... Nd7) 18. h4 $16 Nb4 19. g5 hxg5 20. hxg5 Nh7 21. Rg3 g6 22. Rf1 Bd7 $2 ({Not} 22... Nxg5 $2 23. Nb3 $18) (22... Na2 23. Qg4 Nxc1) 23. Qg4 $18 {White is clearly winning.} Kh8 24. Qh4 {Threatening mate with fxg6.} Rg8 25. f6 {Black got outplayed after the opening.  Weighted Error Value: White=0.03/Black=0.38} 1-0

[Event "25th Magistral Barcelona 2020"]
[Site "Barcelona"]
[Date "2020.12.06"]
[Round "5.5"]
[White "Daulyte-Cornette, Deimante"]
[Black "Grigoryan, Karen H."]
[Result "0-1"]
[WhiteElo "2400"]
[BlackElo "2659"]
[Annotator "TA"]
[PlyCount "80"]
[EventDate "2020.12.02"]
[EventType "tourn"]
[EventCountry "ESP"]
[SourceTitle "playchess.com"]
[Source "ChessBase"]
[SourceQuality "1"]

{[%evp 12,80,25,0,0,0,-9,-10,-11,-5,0,-52,-37,-52,-28,-67,-59,-88,-45,-50,-25,-33,-38,-30,-29,-27,-29,-41,-42,-63,-51,-52,-59,-89,-68,-66,-59,-189,-182,-200,-200,-137,-195,-164,-106,-73,-87,-76,-72,-61,-58,-95,-90,-97,-97,-87,0,0,0,-32,0,0,0,0,0,-575,-545,-29995,-29996,-29996,-29997]} 1. e4 c5 2. Nf3 e6 3. d4 cxd4 4. Nxd4 a6 5. Be2 Nf6 6. Nc3 Qc7 7. f4 Bb4 {B43: Sicilian: Kan Variation: 5 Nc3.} 8. Qd3 d5 {[#]} 9. exd5 $146 ({Predecessor:} 9. Bd2 Be7 10. e5 Nfd7 11. Qg3 g6 12. a3 Nc6 13. Be3 Na5 14. O-O Nb6 15. Bd2 {0-1 (45) Moreiro Sanchez,S-Helin,M (1948) San Sebastian 2007}) 9... exd5 {The position is equal.} 10. Bd2 O-O 11. O-O (11. O-O-O $11) 11... Nc6 $15 {Strongly threatening ...Nxd4.} 12. Kh1 Bc5 (12... Re8 $5 {[%cal Rc6d4]} 13. Bf3 Bc5 14. Nxc6 bxc6 $15) 13. Nxc6 bxc6 14. f5 a5 15. Bg5 Ba6 16. Qd2 $1 Qd6 {White must now prevent ...d4.} 17. Bf4 Qd8 18. Bxa6 Rxa6 19. Bg5 Ra7 20. Rae1 Re7 21. Rxe7 Bxe7 22. Qe2 h6 23. Bh4 Re8 24. Qa6 {[#]} (24. Re1 $15) 24... Ng4 $1 $19 25. Bxe7 Qxe7 26. Qxc6 Qe5 {[%csl Gg4][%cal Re5h2]} 27. g3 d4 (27... Ne3 $19 28. Rf2 d4) 28. Nd1 $17 {[#]} Qe2 $1 {[%cal Re2f1][%mdl 512]} 29. Qg2 d3 30. cxd3 Qxd3 {...Re2 is the strong threat.} 31. Nf2 Nxf2+ 32. Qxf2 {[%mdl 4096] Endgame KQR-KQR} Re2 33. Qf3 Re3 $40 {[%mdl 128] Black has some attack.} (33... Qc2 $17 34. f6 (34. Qa8+ Kh7 $17) 34... Rxh2+ 35. Kg1 {[#]} Rh3 $1 {[%mdl 512]}) 34. Qa8+ $11 Kh7 {[%cal Rd3f1]} 35. Rf2 f6 36. Kg2 h5 37. Qxa5 Qe4+ 38. Kg1 $2 {[%mdl 8192]} (38. Kh3 $11 {and White is okay.}) 38... Re1+ 39. Rf1 Qd4+ {[%mdl 64] Double Attack} 40. Kg2 Re2+ {[%mdl 64] Double Attack.  Weighted Error Value: White=0.48/Black=0.13} 0-1